The role of theory in international relations

Salvato in:
Dettagli Bibliografici
Autore principale: Harrison, Horace V (Autore)
Natura: Libro
Lingua:inglese
Pubblicazione: Princeton D. van Nostrand 1964
Serie:University of Maryland Symposia in Government and politics
Soggetti:
Tags: Aggiungi Tag
Nessun Tag, puoi essere il primo ad aggiungerne!!

MARC

LEADER 00000nam a2200000 a 4500
001 UCT7824
003 CL-VaPUC
008 970317e19640000us |||||||||||||||||eng|d
082 0 4 |a 327.101  |b HAR  |2 21 
100 0 |a Harrison, Horace V  |e author  |9 379006 
245 1 4 |a The role of theory in international relations 
300 |a 118 p 
942 |c BK 
945 |d 19970317 00:00:00  |a paguirre 
260 |a Princeton  |b D. van Nostrand  |c 1964 
650 0 |a Relaciones Internacionales  |9 255740 
650 0 |a Política internacional  |9 255813 
650 7 |a TEORIA POLITICA  |2 CL-VaPUC  |9 379007 
650 7 |a DOCTRINAS INTERNACIONALES  |2 CL-VaPUC  |9 377732 
583 |a last modification  |c 20150504 03:07:07  |k Rodrigo Vera 
490 0 |a University of Maryland Symposia in Government and politics 
999 |c 256371  |d 256369 
952 |0 0  |1 0  |4 0  |6 327_101000000000000_HAR_1964  |7 0  |8 A  |9 279076  |a BIBDER  |b BIBDER  |d 2019-11-19  |i 1808214  |o 327.101 HAR 1964  |p 1808214  |r 2023-01-25  |w 2019-11-19  |y BK  |k DER